¿Matrimonio de amor, hoy? / (Record no. 90779)
[ view plain ]
| 000 -LEADER | |
|---|---|
| campo de control de longitud fija | 00748nam a2200217 i 4500 |
| 001 - NÚMERO DE CONTROL | |
| campo de control | 90779 |
| 003 - IDENTIFICADOR DE NÚMERO DE CONTROL | |
| campo de control | ES-MaACL |
| 005 - FECHA Y HORA DE LA ÚLTIMA TRANSACCIÓN | |
| campo de control | 20250801153727.0 |
| 007 - CAMPO FIJO DE DESCRIPCIÓN FÍSICA--INFORMACIÓN GENERAL | |
| campo de control de longitud fija | t| |
| 008 - DATOS DE LONGITUD FIJA--INFORMACIÓN GENERAL | |
| campo de control de longitud fija | 050124s1968 sp ||||1| spa d |
| 100 1# - ENTRADA PRINCIPAL--NOMBRE DE PERSONA | |
| Nombre de persona | Leclercq, Jacques. |
| 9 (RLIN) | 71094 |
| 245 10 - MENCIÓN DEL TÍTULO | |
| Título | ¿Matrimonio de amor, hoy? / |
| Mención de responsabilidad, etc. | Jacques Leclercq ; [traducción y adaptación de Enrique Melón Martínez]. |
| 260 ## - PUBLICACIÓN, DISTRIBUCIÓN, ETC. | |
| Lugar de publicación, distribución, etc. | [Bilbao] : |
| Nombre del editor, distribuidor, etc. | Desclée de Brouwer, |
| Fecha de publicación, distribución, etc. | [1968] |
| 300 ## - DESCRIPCIÓN FÍSICA | |
| Extensión | 156 p. ; |
| Dimensiones | 19 cm. |
| 490 1# - MENCIÓN DE SERIE | |
| Mención de serie | Colección "Amor y Vida" ; |
| Designación de volumen o secuencia | 4 |
| 650 #4 - PUNTO DE ACCESO ADICIONAL DE MATERIA--TÉRMINO DE MATERIA | |
| Término de materia o nombre geográfico como elemento de entrada | Matrimonio- |
| Subdivisión general | Aspectos religiosos- |
| -- | Iglesia Católica. |
| 9 (RLIN) | 165939 |
| 700 1# - ENTRADA AGREGADA--NOMBRE PERSONAL | |
| Nombre de persona | Melón Martínez, Enrique. |
| 9 (RLIN) | 80022 |
| 830 00 - PUNTO DE ACCESO ADICIONAL DE SERIE-TÍTULO UNIFORME | |
| Título uniforme | Amor y vida |
| Designación de volumen o secuencia | 4 |
| 9 (RLIN) | 187327 |
| 852 ## - LOCALIZACIÓN | |
| Ubicación | ES-MaACL |
| Número de control de estantería | C-51460 |
| Sublocalización o colección | R.68467 |
| Estatus retirado | Estado de pérdida | Estado de daño | No para préstamo | Biblioteca de origen | Biblioteca actual | Ubicación en estantería | Fecha de adquisición | Fuente de adquisición | Total de préstamos | Signatura topográfica completa | Código de barras | Visto por última vez | Precio de reemplazo | Tipo de ítem Koha |
|---|---|---|---|---|---|---|---|---|---|---|---|---|---|---|
| Biblioteca del Ateneo de Madrid | Biblioteca del Ateneo de Madrid | Depósito 2 | 17/01/2008 | C-51460 | 1094784 | 23/02/2023 | 23/02/2023 | Libro impreso |
